[Event "4NCL 2016-17"]
[Site "Telford ENG"]
[Date "2017.05.01"]
[Round "11.86"]
[White "Spence,D"]
[Black "Disu,Kayode"]
[Result "1-0"]
[WhiteElo "2176"]
[BlackElo "1976"]

1.e4 c5 2.c3 e6 3.d4 d5 4.e5 Nc6 5.Nf3 Qb6 6.Be2 Nh6 7.b3 cxd4 8.cxd4 Bb4+
9.Kf1 Nf5 10.Bb2 Bd7 11.g3 h5 12.h3 Rc8 13.Kg2 a6 14.a3 Be7 15.b4 Na5 16.Nc3
Nc4 17.Bxc4 Rxc4 18.Ne2 a5 19.Bc3 a4 20.Qd2 g6 21.g4 Ng7 22.Qf4 Bb5 23.Bd2 Qd8
24.Nc3 Qd7 25.Rhc1 Bc6 26.Be3 b5 27.Nd2 g5 28.Qg3 h4 29.Qh2 O-O 30.Kg1 f6
31.Ne2 Kh7 32.f4 fxe5 33.fxe5 Bb7 34.Rf1 Rcc8 35.Nf3 Kg6 36.Qf2 Rc2 37.Nf4+
gxf4 38.Qxc2+ Kh6 39.Bf2 Rc8 40.Qd2 Nh5 41.gxh5 Rg8+ 42.Kh1 {#r} 1-0

[Event "4NCL 2016-17"]
[Site "Telford ENG"]
[Date "2017.05.01"]
[Round "11.88"]
[White "York-Andersen,Anna"]
[Black "Messam-Sparks,L"]
[Result "1-0"]
[WhiteElo "1788"]
[BlackElo "1941"]

1.e4 c5 2.Nf3 e6 3.b3 d5 4.e5 Nc6 5.Bb5 Bd7 6.Bxc6 Bxc6 7.d4 Qc7 8.Be3 b6
9.O-O Nh6 10.Bxh6 gxh6 11.c3 O-O-O 12.a4 Rg8 13.Na3 Be7 14.Nb5 Qb7 15.Nd6+
Bxd6 16.exd6 f6 17.a5 Qg7 18.g3 Rxd6 19.axb6 axb6 20.Qe2 Re8 21.Ra3 Qg6
22.dxc5 Rd7 23.Nd4 Bb7 24.c6 Rc7 25.cxb7+ Rxb7 26.Qb5 Kd8 27.Qc6 Rb8 28.Qd6+
Kc8 29.Ra7 {#r} 1-0

[Event "Bundesliga 2016-17"]
[Site "Berlin GER"]
[Date "2017.05.01"]
[Round "15.1"]
[White "Parligras,M"]
[Black "Fedorovsky,M"]
[Result "1-0"]
[WhiteElo "2607"]
[BlackElo "2498"]
[EventType "team"]

1.d4 Nf6 2.c4 e6 3.Nf3 b6 4.g3 Bb7 5.Bg2 Bb4+ 6.Bd2 c5 7.d5 Bxd2+ 8.Qxd2 exd5
9.Nh4 Ne4 10.Qc2 O-O 11.cxd5 f5 12.Nxf5 Nxf2 13.O-O Ng4 14.Nc3 Na6 15.Rf4 Ne5
16.Raf1 Ng6 17.R4f2 d6 18.Nb5 Nb4 19.Qd2 Bc8 20.Nbxd6 Bxf5 21.Nxf5 Qd7 22.a3
Na6 23.d6 Rad8 24.Ne7+ Nxe7 25.Bd5+ {#r} 1-0

[Event "Bundesliga 2016-17"]
[Site "Berlin GER"]
[Date "2017.05.01"]
[Round "15.1"]
[White "Schneider,Stef"]
[Black "Gonda,L"]
[Result "0-1"]
[WhiteElo "2346"]
[BlackElo "2490"]
[EventType "team"]

1.d4 Nf6 2.c4 e6 3.Nf3 Bb4+ 4.Nbd2 O-O 5.a3 Be7 6.e4 d5 7.e5 Nfd7 8.Bd3 c5
9.h4 g6 10.Qc2 cxd4 11.cxd5 exd5 12.Nb3 Nc6 13.Bf4 Re8 14.Kf1 Nf8 15.h5 g5
16.Bg3 Qb6 17.Nbd2 h6 18.b4 Bd7 19.Nh2 Rac8 20.Qd1 Nd8 21.Ndf3 f5 22.exf6 Bxf6
23.Ne1 Rc3 24.Qf3 Qe6 25.a4 Bxa4 26.Ng4 Bg7 27.Kg1 Bd7 28.Nh2 Bb5 29.Nf1 a6
30.Kh2 g4 31.Qf5 Bxd3 32.Qxe6+ Nfxe6 {#R} 0-1

[Event "Bundesliga 2016-17"]
[Site "Berlin GER"]
[Date "2017.05.01"]
[Round "15.2"]
[White "Zysk,R"]
[Black "Zaragatski,I"]
[Result "0-1"]
[WhiteElo "2385"]
[BlackElo "2502"]
[EventType "team"]

1.Nf3 f5 2.c4 Nf6 3.g3 g6 4.Bg2 Bg7 5.d4 d6 6.O-O O-O 7.Nc3 Qe8 8.Re1 Qf7 9.b3
Ne4 10.Bb2 Nc6 11.Rc1 e5 12.dxe5 dxe5 13.Nxe4 fxe4 14.Ng5 Qxf2+ 15.Kh1 Qf5
16.Nxe4 Qh5 17.Qd5+ Kh8 18.Rcd1 Bg4 19.Ba3 Rf5 20.Qb5 Bxe2 21.Qxb7 Rg8 22.Rd2
Nd4 23.Rdxe2 Nxe2 24.Qxc7 Nd4 25.h3 Nc2 26.g4 Qh4 27.Re2 Nd4 28.Re3 Qh6 29.Rg3
Rf4 30.Be7 Rxe4 31.Bxe4 Qf4 32.Rg2 Qxe4 33.Qxa7 Qe1+ 34.Rg1 Qe3 35.Kg2 Qf3+
36.Kh2 Ra8 {#R} 0-1

[Event "Bundesliga 2016-17"]
[Site "Berlin GER"]
[Date "2017.05.01"]
[Round "15.2"]
[White "Capone,N"]
[Black "Lammers,M"]
[Result "0-1"]
[WhiteElo "2399"]
[BlackElo "2318"]
[EventType "team"]

1.e4 d5 2.exd5 Nf6 3.Bb5+ Bd7 4.Bc4 Bg4 5.f3 Bf5 6.Nc3 Nbd7 7.d4 Nb6 8.Bb3 a5
9.a3 a4 10.Ba2 Nbxd5 11.Nxd5 Nxd5 12.Ne2 e6 13.c4 Nf6 14.Be3 h5 15.Nc3 Qd7
16.Qe2 Be7 17.Rd1 h4 18.O-O h3 19.g3 O-O 20.Rfe1 Rfe8 21.Rd2 c6 22.Qf1 Qc7
23.g4 Bg6 24.Qxh3 Qa5 25.Ne2 e5 26.Red1 exd4 27.Bxd4 Bc5 28.Qg2 Re3 29.Qf2
Rae8 30.Bxc5 Qxc5 31.Rd8 Qg5 32.h3 Qe5 33.Rxe8+ Nxe8 34.f4 Qe7 35.Ng3 Bd3
36.c5 Qxc5 37.Rxd3 Qc1+ 38.Nf1 Rxd3 39.Qe2 Qc5+ 40.Kh2 Rd8 41.Ng3 Qd6 42.g5
{#R} 0-1

[Event "Bundesliga 2016-17"]
[Site "Berlin GER"]
[Date "2017.05.01"]
[Round "15.3"]
[White "Gharamian,T"]
[Black "Krassowizkij,J"]
[Result "1-0"]
[WhiteElo "2626"]
[BlackElo "2438"]
[EventType "team"]

1.e4 e6 2.d4 d5 3.Nc3 Nf6 4.e5 Nfd7 5.f4 c5 6.Nf3 Nc6 7.Be3 a6 8.Qd2 b5 9.Bd3
Qb6 10.dxc5 Bxc5 11.Bf2 h6 12.O-O Bxf2+ 13.Qxf2 Qxf2+ 14.Kxf2 g5 15.g3 Nc5
16.Ne2 b4 17.Ned4 Nxd4 18.Nxd4 gxf4 19.gxf4 Bd7 20.Ke3 Rg8 21.Rg1 Ke7 22.Rg3
Rxg3+ 23.hxg3 Rg8 24.Kf3 f6 25.exf6+ Kxf6 26.Rh1 Rh8 27.g4 e5 28.g5+ Kg7
29.fxe5 hxg5 30.Rxh8 Kxh8 31.Bf5 Bxf5 32.Nxf5 Kg8 33.Kg4 Kf7 34.Kxg5 Na4 35.b3
Nc3 36.Nd4 Nxa2 37.e6+ Ke7 38.Kf5 Nc3 39.Ke5 Ke8 40.Nc6 {#r} 1-0

[Event "Bundesliga 2016-17"]
[Site "Berlin GER"]
[Date "2017.05.01"]
[Round "15.3"]
[White "Baskin,R"]
[Black "Michalik,P"]
[Result "0-1"]
[WhiteElo "2402"]
[BlackElo "2554"]
[EventType "team"]

1.e4 c6 2.Nc3 d5 3.Nf3 Nf6 4.e5 Ne4 5.Ne2 Qb6 6.d4 e6 7.Nfg1 f6 8.f3 Ng5
9.exf6 gxf6 10.f4 Ne4 11.Ng3 Bd7 12.Nf3 c5 13.Bd3 Nxg3 14.hxg3 Nc6 15.c3 O-O-O
16.Qc2 cxd4 17.cxd4 Kb8 18.Qf2 Nb4 19.Bb1 Bb5 20.Qd2 Nc6 21.Qd1 e5 22.Kf2 exd4
23.g4 Re8 24.Kg3 Bd6 25.Rxh7 Rxh7 26.Bxh7 d3 27.Bxd3 Bc5 28.Bg6 Bf2+ 29.Kh3
Rh8+ 30.Bh5 Ne7 31.g3 Qe6 32.Kg2 Bb6 33.Bd2 Be2 34.Qb3 Qe4 35.Re1 Nc6 36.Rxe2
Qxe2+ 37.Kh3 Qf1+ 38.Kh2 Nd4 39.Nxd4 Bxd4 40.Qxd5 Bg1+ {#R} 0-1

[Event "Bundesliga 2016-17"]
[Site "Berlin GER"]
[Date "2017.05.01"]
[Round "15.5"]
[White "Richter,Mic"]
[Black "Fressinet,L"]
[Result "0-1"]
[WhiteElo "2505"]
[BlackElo "2676"]
[EventType "team"]

1.e4 e5 2.Nf3 Nc6 3.d4 exd4 4.Nxd4 Qf6 5.Nxc6 Bc5 6.Qf3 dxc6 7.Bc4 Qe7 8.O-O
Nf6 9.Bg5 Qxe4 10.Nd2 Qxf3 11.Rfe1+ Be6 12.Nxf3 Nd5 13.Bh4 h6 14.Rad1 g5
15.Bg3 O-O-O 16.Be5 Rhe8 17.Bg7 Bf8 18.Bxf8 Rxf8 19.Nd4 Bd7 20.c3 Nb6 21.Bb3
c5 22.Nf3 c4 23.Bc2 Rfe8 24.h4 f6 25.Kh2 c5 26.hxg5 hxg5 27.Rxe8 Rxe8 28.Re1
Rxe1 29.Nxe1 Kc7 30.Kg3 Nd5 31.Bh7 b5 32.Kf3 f5 33.Ke2 Kd6 34.Nf3 g4 35.Nh4
Ke5 36.g3 b4 37.Kd2 Nf6 38.Bg6 Ne4+ {#R} 0-1

[Event "Bundesliga 2016-17"]
[Site "Berlin GER"]
[Date "2017.05.01"]
[Round "15.5"]
[White "Werle,J"]
[Black "Breier,A"]
[Result "1-0"]
[WhiteElo "2555"]
[BlackElo "2380"]
[EventType "team"]

1.d4 e6 2.c4 Bb4+ 3.Nd2 Nf6 4.a3 Be7 5.Ngf3 d5 6.e3 O-O 7.Bd3 b6 8.cxd5 exd5
9.Ne5 Bb7 10.b3 c5 11.Bb2 Nbd7 12.O-O Re8 13.f4 Bd6 14.Rf3 Ne4 15.Rh3 Ndf6
16.Nxe4 dxe4 17.Bc4 Rf8 18.d5 Qc8 19.Nc6 Qf5 20.Be5 Bxc6 21.Bxd6 Bxd5 22.Bxf8
Kxf8 23.g4 Qd7 24.Ra2 Bc6 25.Rd2 Qxg4+ 26.Qxg4 Nxg4 27.Rxh7 Nxe3 28.Bb5 Bxb5
29.Rh8+ Ke7 30.Rxa8 Ke6 31.Rxa7 Bd3 32.Rb7 Nd5 33.f5+ Kxf5 34.Rxf7+ Kg6 35.Rd7
Nf4 36.Kf2 b5 37.Ke3 Ne6 38.Rf2 Nd4 39.Rxd4 cxd4+ 40.Kxd4 Kg5 41.Rg2+ Kf6
42.Rd2 {#r} 1-0

[Event "Bundesliga 2016-17"]
[Site "Berlin GER"]
[Date "2017.05.01"]
[Round "15.6"]
[White "Svane,R"]
[Black "Sprenger,J"]
[Result "1-0"]
[WhiteElo "2552"]
[BlackElo "2513"]
[EventType "team"]

1.d4 d5 2.c4 dxc4 3.e4 e5 4.Nf3 exd4 5.Bxc4 Nc6 6.O-O Be6 7.Bxe6 fxe6 8.Qb3
Qd7 9.Qxb7 Rb8 10.Qa6 Nf6 11.Nbd2 Bd6 12.b3 O-O 13.Ba3 Bxa3 14.Qxa3 Qd6 15.Qa6
Rb6 16.Qc4 Rb4 17.Qd3 Ng4 18.Rac1 Nce5 19.Nxe5 Nxe5 20.Qg3 Rf7 21.a3 Rb5 22.b4
c5 23.f4 Nd7 24.Nc4 Qc6 25.e5 Rb8 26.Nd6 Rff8 27.Qb3 h6 28.Qxe6+ Kh7 29.f5 Nf6
30.Rxc5 Qb6 31.Qc4 Rbd8 32.Rc6 Qb8 33.Qxd4 Ne8 34.f6 gxf6 35.Qe4+ Kh8 36.Qg6
Nxd6 37.Qxh6+ Kg8 38.Qg6+ Kh8 39.Rf3 {#r} 1-0

[Event "Bundesliga 2016-17"]
[Site "Berlin GER"]
[Date "2017.05.01"]
[Round "15.7"]
[White "Caruana,F"]
[Black "Tregubov,P"]
[Result "1-0"]
[WhiteElo "2813"]
[BlackElo "2586"]
[EventType "team"]

1.e4 e5 2.Bc4 Nf6 3.d3 c6 4.Nf3 d5 5.Bb3 Bb4+ 6.Bd2 Bxd2+ 7.Qxd2 a5 8.Nc3 d4
9.Ne2 Qe7 10.a4 O-O 11.O-O c5 12.Ng3 Nc6 13.Bc4 Ne8 14.c3 Bg4 15.Ne1 Be6
16.Bd5 Nc7 17.Bxc6 bxc6 18.Rc1 Bd7 19.f4 f6 20.Nf3 Qd6 21.fxe5 fxe5 22.cxd4
cxd4 23.Qg5 Rae8 24.Nd2 Rxf1+ 25.Rxf1 Qg6 26.Qh4 Na6 27.Nf5 Bxf5 28.exf5 Qf6
29.Qh5 Qf7 30.Qf3 Nb4 31.Ne4 Rf8 32.Qg3 Nd5 33.Qxe5 Ne3 34.Rf3 Qb3 35.Qxd4
Nxf5 36.Qc5 Qe6 37.Qxa5 g6 38.Qc3 {#r} 1-0

[Event "Bundesliga 2016-17"]
[Site "Berlin GER"]
[Date "2017.05.01"]
[Round "15.7"]
[White "Kasimdzhanov,R"]
[Black "Dinstuhl,V"]
[Result "1-0"]
[WhiteElo "2691"]
[BlackElo "2409"]
[EventType "team"]

1.e4 g6 2.d4 Bg7 3.Nc3 d6 4.Be3 a6 5.h4 h5 6.Nh3 Bxh3 7.Rxh3 b5 8.Qd2 Nd7
9.O-O-O c6 10.e5 dxe5 11.dxe5 Nxe5 12.Qe1 Qc7 13.Kb1 Ng4 14.Bg5 N8f6 15.f3 Nh6
16.Bd3 Nd5 17.Nxd5 cxd5 18.Rh1 Rc8 19.Qd2 Nf5 20.Rhe1 e6 21.g4 Nd4 22.Qf2 Nc6
23.gxh5 gxh5 24.f4 Bd4 25.Qe2 Bg7 26.Qf2 Bd4 27.Qg2 Qd6 28.c3 Bg7 29.f5 Be5
30.Qf3 f6 31.Bxf6 {#r} 1-0

[Event "Bundesliga 2016-17"]
[Site "Berlin GER"]
[Date "2017.05.01"]
[Round "15.7"]
[White "Beerdsen,Thomas"]
[Black "Bacrot,E"]
[Result "0-1"]
[WhiteElo "2404"]
[BlackElo "2692"]
[EventType "team"]

1.e4 g6 2.d4 d6 3.Nc3 Bg7 4.Be3 a6 5.a4 b6 6.Qd2 Bb7 7.f3 Nd7 8.Bc4 c6 9.h4 b5
10.Ba2 Ngf6 11.g4 h6 12.Nge2 Nb6 13.Nf4 h5 14.Qg2 hxg4 15.e5 dxe5 16.dxe5 Nfd5
17.Ncxd5 Nxd5 18.Bxd5 cxd5 19.e6 Qd6 20.Qxg4 Bxb2 21.Rb1 Bc3+ 22.Kf1 Rf8 23.h5
g5 24.Ne2 Bh8 25.axb5 fxe6 26.bxa6 Bxa6 27.Rb6 Qc7 28.Qa4+ Qd7 29.Qxd7+ Kxd7
30.Kf2 g4 31.Nf4 Rxf4 32.Bxf4 Bd4+ 33.Be3 g3+ {#R} 0-1

[Event "Bundesliga 2016-17"]
[Site "Berlin GER"]
[Date "2017.05.01"]
[Round "15.7"]
[White "Naiditsch,A"]
[Black "Warmerdam,Max"]
[Result "1-0"]
[WhiteElo "2684"]
[BlackElo "2388"]
[EventType "team"]

1.d4 Nf6 2.Bf4 g6 3.Nc3 d5 4.e3 Bg7 5.h4 h6 6.Be2 c5 7.Nb5 Na6 8.c3 O-O 9.a4
Ne8 10.Bf3 cxd4 11.exd4 Nac7 12.Nxc7 Nxc7 13.Qd2 h5 14.Ne2 Be6 15.O-O Qd7
16.Rfe1 Ne8 17.Bg5 Bf5 18.Ng3 Be6 19.Rxe6 fxe6 20.Qd3 Rf5 21.Nxf5 exf5 22.Re1
e6 23.c4 Nc7 24.Qb3 dxc4 25.Qxb7 Bxd4 26.Rc1 Rf8 27.Rxc4 Rf7 28.Qb4 e5 29.Rc6
Kg7 30.Rd6 a5 31.Bf6+ {#r} 1-0

[Event "Bundesliga 2016-17"]
[Site "Berlin GER"]
[Date "2017.05.01"]
[Round "15.7"]
[White "Meier,Geo"]
[Black "Rezasade,A"]
[Result "1-0"]
[WhiteElo "2648"]
[BlackElo "2314"]
[EventType "team"]

1.e4 c6 2.d4 d5 3.exd5 cxd5 4.c4 Nf6 5.Nc3 e6 6.Nf3 Be7 7.cxd5 Nxd5 8.Bd3 Nc6
9.O-O O-O 10.Re1 Bf6 11.Be4 Nce7 12.Qd3 h6 13.Bd2 Nb4 14.Qc4 Nbd5 15.Bc2 Nxc3
16.bxc3 Bd7 17.h4 Qa5 18.Rab1 Bc6 19.Ne5 Qd5 20.Qxd5 Nxd5 21.Nxc6 bxc6 22.g3
Nb6 23.Rb3 Rac8 24.Bd3 c5 25.Ba6 Rcd8 26.Rc1 cxd4 27.c4 Be7 28.c5 Na4 29.c6
Nc5 30.c7 Nxa6 31.cxd8=Q Rxd8 32.Rb5 Rd7 33.Rc8+ Kh7 34.Rc6 Rd6 35.Rxd6 Bxd6
36.Ra5 Nc7 37.Rxa7 f5 38.a4 e5 39.a5 e4 40.a6 {#r} 1-0

[Event "Bundesliga 2016-17"]
[Site "Berlin GER"]
[Date "2017.05.01"]
[Round "15.8"]
[White "Ragger,M"]
[Black "Ruck,R1"]
[Result "1-0"]
[WhiteElo "2700"]
[BlackElo "2566"]
[EventType "team"]

1.d4 Nf6 2.c4 e6 3.g3 d5 4.Nf3 dxc4 5.Bg2 a6 6.O-O Nc6 7.e3 Bd7 8.Qe2 b5 9.b3
cxb3 10.axb3 Be7 11.Bb2 O-O 12.Rc1 Ra7 13.Nc3 Qb8 14.Ne5 Nxe5 15.dxe5 Nd5
16.Bxd5 exd5 17.Nxd5 Bd8 18.Qh5 Qb7 19.Rc5 Kh8 20.Rd1 Be6 21.Nf6 h6 22.e4 Be7
23.Bc1 Bg4 24.Qxg4 Bxc5 25.Bxh6 gxh6 26.Qf5 {#r} 1-0

[Event "Bundesliga 2016-17"]
[Site "Berlin GER"]
[Date "2017.05.01"]
[Round "15.8"]
[White "Nikolic,Pr"]
[Black "Kraemer,Enrico"]
[Result "1-0"]
[WhiteElo "2622"]
[BlackElo "2209"]
[EventType "team"]

1.d4 Nf6 2.Nf3 g6 3.Bf4 Bg7 4.e3 O-O 5.h3 c5 6.Nbd2 b6 7.c3 d6 8.Bc4 Bb7 9.O-O
Nbd7 10.a4 a6 11.Bh2 Ra7 12.Re1 Qa8 13.Bf1 Re8 14.Nc4 cxd4 15.exd4 Bh6 16.Ne3
Nd5 17.Ng4 Bg7 18.Nd2 Bc6 19.c4 N5f6 20.d5 Bb7 21.a5 b5 22.Ne3 bxc4 23.Ndxc4
Nxd5 24.Nxd5 Bxd5 25.Nxd6 Rd8 26.Rxe7 Bxb2 27.Nxf7 Nf6 28.Rxa7 Qxa7 29.Nxd8
{#r} 1-0

[Event "Bundesliga 2016-17"]
[Site "Berlin GER"]
[Date "2017.05.01"]
[Round "15.8"]
[White "Andersen,Mad"]
[Black "Mager,D"]
[Result "1-0"]
[WhiteElo "2542"]
[BlackElo "2224"]
[EventType "team"]

1.c4 c6 2.e4 d5 3.exd5 cxd5 4.d4 Nf6 5.Nc3 Nc6 6.Nf3 e6 7.c5 Ne4 8.Qc2 f5
9.Bb5 Bd7 10.O-O Be7 11.Bf4 O-O 12.Bxc6 bxc6 13.Be5 Bf6 14.Ne2 Qe8 15.Nf4 Ng5
16.Nxg5 Bxg5 17.Nd3 Bf6 18.Rfe1 Qf7 19.Qc3 Rfc8 20.a4 a6 21.Ra3 Ra7 22.Rb3 Qe8
23.Nf4 Qf7 24.Qg3 Kh8 25.h4 Re8 26.Rb6 a5 27.Re3 Rg8 28.h5 h6 29.Bxf6 gxf6
30.Ng6+ Kh7 31.Qd6 Rc8 32.Reb3 Be8 33.Rb8 Rac7 34.Nf8+ Kh8 35.Rxc8 Rxc8
36.Nxe6 Bd7 37.Nf4 Re8 38.Rb7 Rd8 39.Ng6+ Kg7 40.Qg3 Kh7 41.Qc7 {#r} 1-0

[Event "Frauenbundesliga 2016-17"]
[Site "Germany GER"]
[Date "2017.05.01"]
[Round "11.6"]
[White "Tammert,I"]
[Black "Schneider,Jana"]
[Result "1-0"]
[WhiteElo "2293"]
[BlackElo "2046"]

1.c4 e5 2.Nc3 Nc6 3.g3 Bc5 4.Bg2 a6 5.e3 d6 6.Nf3 Ba7 7.d4 Bg4 8.h3 Bh5 9.Qa4
Qd7 10.dxe5 dxe5 11.O-O Bxf3 12.Bxf3 Nge7 13.Nd5 O-O-O 14.b4 f5 15.b5 Nb8
16.Ba3 Nxd5 17.Bxd5 f4 18.exf4 exf4 19.g4 Rhe8 20.Rad1 c6 21.Bxc6 Qf7 22.Bxe8
Rxe8 23.Rfe1 f3 24.b6 Rxe1+ 25.Rxe1 Bxb6 26.Qe8+ Qxe8 27.Rxe8+ Bd8 28.Be7 Nc6
29.Bxd8 Nxd8 30.Re7 g5 31.Rxh7 Ne6 32.Kh2 {#r} 1-0

[Event "Frauenbundesliga 2016-17"]
[Site "Germany GER"]
[Date "2017.05.01"]
[Round "11.2"]
[White "Daulyte,D"]
[Black "Dirmeier,Carolin"]
[Result "1-0"]
[WhiteElo "2429"]
[BlackElo "2014"]

1.e4 c5 2.Nc3 Nc6 3.Bb5 Nd4 4.Nf3 Nxb5 5.Nxb5 d6 6.d4 Nf6 7.Nc3 cxd4 8.Qxd4 e5
9.Qd3 Be7 10.Bg5 O-O 11.Nd2 Be6 12.Bxf6 Bxf6 13.Nc4 Qc7 14.Ne3 Bg5 15.O-O Bxe3
16.Qxe3 f5 17.Qd2 a6 18.Rad1 Rad8 19.exf5 Rxf5 20.Nd5 Qf7 21.c4 Kh8 22.b3 Rh5
23.f4 e4 24.Ne3 b5 25.Qd4 bxc4 26.bxc4 Bf5 27.Qb6 Rf8 28.Qxd6 Rh6 29.Qc5 Rf6
30.Rd6 Qe7 31.Rd5 Qf7 32.Nxf5 Rxf5 33.Rxf5 Qxf5 34.Qxf5 Rxf5 35.g3 h5 36.Rc1
h4 37.Kf2 g5 38.Ke3 gxf4+ 39.gxf4 Ra5 40.c5 Rb5 41.c6 {#r} 1-0

[Event "Frauenbundesliga 2016-17"]
[Site "Germany GER"]
[Date "2017.05.01"]
[Round "11.4"]
[White "Papp,Petra"]
[Black "Ankerst,Mil"]
[Result "1-0"]
[WhiteElo "2335"]
[BlackElo "2052"]

1.e4 c5 2.Nf3 Nc6 3.Nc3 g6 4.d4 cxd4 5.Nxd4 Bg7 6.Be3 Nf6 7.Bc4 Qa5 8.O-O O-O
9.Bb3 d6 10.h3 Bd7 11.Re1 Nxd4 12.Bxd4 Bc6 13.Nd5 Bxd5 14.exd5 Rfe8 15.c3 a6
16.Be3 Rac8 17.Bg5 Rc5 18.Qf3 Qd8 19.Re2 Nd7 20.Rae1 Be5 21.h4 h5 22.Rxe5 Nxe5
23.Rxe5 f6 24.Re6 Rf8 25.Bh6 Rf7 26.Bc2 Rh7 27.Be3 Rc4 28.Bxg6 Rxh4 29.Bxh7+
Kxh7 30.g3 {#r} 1-0

[Event "Frauenbundesliga 2016-17"]
[Site "Germany GER"]
[Date "2017.05.01"]
[Round "11.6"]
[White "Muetsch,Annmarie"]
[Black "Roos,K"]
[Result "1-0"]
[WhiteElo "2140"]
[BlackElo "1849"]

1.e4 g6 2.d4 Bg7 3.Nc3 c6 4.f4 d5 5.e5 h5 6.Bd3 Nh6 7.Nf3 Nf5 8.O-O b6 9.Ne2
O-O 10.Bxf5 Bxf5 11.Ng3 e6 12.Nxf5 exf5 13.Re1 Re8 14.h3 Nd7 15.Nh2 Nf8 16.Be3
Ne6 17.c3 Rc8 18.Qf3 Qh4 19.Re2 Bh6 20.g4 Kh7 21.g5 Bf8 22.Rf1 c5 23.Qg2 cxd4
24.cxd4 Rc4 25.Nf3 Nxf4 26.Nxh4 Nxg2 27.Nxg2 Rec8 28.Nf4 Rc2 29.Rff2 R2c4
30.Nxd5 b5 31.Nf6+ Kg7 32.d5 Bb4 33.d6 a6 34.d7 Rd8 35.Bb6 {#r} 1-0

[Event "Frauenbundesliga 2016-17"]
[Site "Germany GER"]
[Date "2017.05.01"]
[Round "11.3"]
[White "Umpfenbach,C"]
[Black "Baciu,D"]
[Result "1-0"]
[WhiteElo "2122"]
[BlackElo "2293"]

1.d4 d5 2.c4 e6 3.Nc3 Nf6 4.Bg5 Bb4 5.e3 h6 6.Bxf6 Qxf6 7.Nf3 O-O 8.Qb3 c5
9.Rc1 dxc4 10.Bxc4 Nc6 11.dxc5 Qg6 12.O-O Bxc5 13.Ne2 e5 14.Bd5 Bd6 15.Ng3 Ne7
16.Rfd1 Rd8 17.Nxe5 Qf6 18.Nxf7 Rf8 19.Nxd6+ Nxd5 20.Nde4 Qf7 21.Qxd5 Be6
22.Qa5 b6 23.Qe1 Bxa2 24.Rd3 a5 25.Rdc3 Ra7 26.Rc8 Rxc8 27.Rxc8+ Kh7 28.h3 b5
29.Rc5 b4 30.Qc1 Be6 31.Nd6 Qg6 32.Nb5 Rf7 33.Nd4 a4 34.Nxe6 Qxe6 35.Qc2+ {#r}
1-0

[Event "Frauenbundesliga 2016-17"]
[Site "Germany GER"]
[Date "2017.05.01"]
[Round "11.4"]
[White "Schmidt,Jad"]
[Black "v.d. Weth-v. Nordheim,Petra"]
[Result "1-0"]
[WhiteElo "2082"]
[BlackElo "1985"]

1.d4 d5 2.c4 e6 3.Nc3 c6 4.cxd5 exd5 5.Qc2 f5 6.Bf4 Bd6 7.Nh3 Bxf4 8.Nxf4 Nf6
9.e3 O-O 10.Bd3 Ne4 11.O-O Qe8 12.Nfxd5 cxd5 13.Nxd5 Nc6 14.Nc7 Qe7 15.Nxa8
Qd6 16.Nc7 Qxc7 17.d5 Rf6 18.dxc6 Rxc6 19.Qe2 Nf6 20.Qf3 g6 21.Qg3 Qb6 22.b3
Be6 23.Rac1 Rd6 24.Rfd1 Qb4 25.Qe5 Nd5 26.Bc4 Qa3 27.Bxd5 Bxd5 28.Rc8+ {#r}
1-0

[Event "Frauenbundesliga 2016-17"]
[Site "Germany GER"]
[Date "2017.05.01"]
[Round "11.6"]
[White "Bluebaum,B"]
[Black "Dietrich,Mareike"]
[Result "1-0"]
[WhiteElo "1987"]
[BlackElo "1712"]

1.d4 Nf6 2.c4 g6 3.Nc3 Bg7 4.e4 d6 5.Nf3 O-O 6.Be2 e5 7.Be3 Ng4 8.Bg5 f6 9.Bh4
g5 10.Bg3 Nh6 11.h3 Nc6 12.d5 Ne7 13.Nd2 f5 14.f3 Nf7 15.Qc2 Bd7 16.Bf2 c5
17.h4 g4 18.h5 a6 19.Bh4 Qe8 20.Bxe7 Qxe7 21.exf5 g3 22.Bd3 Ng5 23.Ne2 Nf7
24.Rh3 Nh6 25.Nxg3 Qf7 26.O-O-O Nxf5 27.Nxf5 Bxf5 28.Bxf5 Qxf5 29.Ne4 Bh6+
30.Kb1 Rad8 31.Rg1 Be3 32.g4 Qf7 33.Rg2 b5 34.Qe2 Qf4 35.g5 bxc4 36.Rg4 {#r}
1-0

[Event "Frauenbundesliga 2016-17"]
[Site "Germany GER"]
[Date "2017.05.01"]
[Round "11.1"]
[White "Sieber,Fiona"]
[Black "Endress,A"]
[Result "1-0"]
[WhiteElo "2268"]
[BlackElo "2122"]

1.e4 c5 2.Nf3 d6 3.d4 cxd4 4.Nxd4 Nf6 5.Nc3 a6 6.Be3 e5 7.Nb3 Be7 8.f3 Be6
9.Qd2 h5 10.O-O-O Nbd7 11.Kb1 Rc8 12.Be2 Qc7 13.Rhe1 O-O 14.f4 Nb6 15.Bxb6
Qxb6 16.f5 Bc4 17.h3 Rfd8 18.Bxc4 Rxc4 19.g4 d5 20.Nxd5 Nxd5 21.exd5 hxg4
22.Qe2 Rdc8 23.hxg4 Bf6 24.d6 e4 25.d7 R8c6 26.Rh1 Qc7 27.Qh2 g6 28.d8=R+ {#r}
1-0

[Event "Frauenbundesliga 2016-17"]
[Site "Germany GER"]
[Date "2017.05.01"]
[Round "11.2"]
[White "Brandt,Carina"]
[Black "Schulze,Lara"]
[Result "0-1"]
[WhiteElo "2042"]
[BlackElo "2034"]

1.e4 e6 2.d4 d5 3.Nc3 Bb4 4.e5 c5 5.a3 Bxc3+ 6.bxc3 Ne7 7.Qg4 Qc7 8.Qxg7 Rg8
9.Qxh7 cxd4 10.Ne2 Nbc6 11.f4 dxc3 12.Qd3 Bd7 13.Rg1 O-O-O 14.Nxc3 Qb6 15.Rh1
a6 16.Bd2 Na5 17.Rb1 Qc7 18.Qf3 Bc6 19.Bd3 Nc4 20.Qe2 Nf5 21.Bxf5 exf5 22.Rg1
Nxa3 23.Rb2 d4 24.Na2 Bb5 25.Qd1 Ba4 26.Bb4 Nc4 27.Qc1 Nxb2 28.Qxb2 Qc6 29.c4
dxc3 30.Nxc3 Kb8 31.Bd6+ Ka8 32.Kf2 Qc4 33.Rb1 Qxf4+ 34.Kg1 Bc6 35.g3 Qe3+
36.Kf1 f4 37.Nb5 Qd3+ 38.Ke1 Bxb5 {#R} 0-1

[Event "Frauenbundesliga 2016-17"]
[Site "Germany GER"]
[Date "2017.05.01"]
[Round "11.6"]
[White "Tran,My Linh"]
[Black "Manusina,Nicole"]
[Result "0-1"]
[WhiteElo "1990"]
[BlackElo "1842"]

1.e4 c6 2.d4 d5 3.exd5 cxd5 4.c4 Nf6 5.Nc3 Nc6 6.Bg5 e6 7.Nf3 dxc4 8.Bxc4 Be7
9.O-O O-O 10.a3 a6 11.Qd3 Nd5 12.Bd2 Nxc3 13.Bxc3 Bf6 14.Qe4 Bd7 15.Ne5 Nxe5
16.dxe5 Bc6 17.Qg4 Be7 18.Rad1 Qc7 19.Rd3 Rfd8 20.Rh3 Bf8 21.Qh5 Be4 22.Qe2
Bf5 23.g4 Bg6 24.Rg3 Be7 25.g5 b5 26.Bb3 Qb7 27.h4 b4 28.axb4 Bxb4 29.Bxb4
Qxb4 30.h5 Rd2 31.Qe1 Bxh5 32.Qc1 Rad8 33.Qc7 Qd4 34.Qa7 {#R} 0-1

[Event "Frauenbundesliga 2016-17"]
[Site "Germany GER"]
[Date "2017.05.01"]
[Round "11.2"]
[White "Houska,Jo"]
[Black "Movsesian,Julia"]
[Result "1-0"]
[WhiteElo "2386"]
[BlackElo "2322"]

1.d4 d5 2.Nf3 Nf6 3.c4 e6 4.Nc3 Be7 5.Bf4 O-O 6.e3 Nbd7 7.Rc1 c6 8.h3 Re8
9.Bd3 dxc4 10.Bxc4 Nb6 11.Bd3 Nbd5 12.Bg3 Nxc3 13.bxc3 c5 14.O-O a6 15.Ne5 Bd7
16.f4 cxd4 17.exd4 g6 18.Qb3 Bc6 19.f5 gxf5 20.Bxf5 Bd5 21.c4 Be4 22.Bxe4
Qxd4+ 23.Kh1 Nxe4 24.Nxf7 Bf6 25.Nd6 Nxd6 26.Bxd6 Bg7 27.Rcd1 Qc3 28.Qxb7 Qxc4
29.Rf7 Qc3 30.Rd3 Qb2 31.Rxg7+ {#r} 1-0

[Event "ch-CHN 2017"]
[Site "Xinghua CHN"]
[Date "2017.04.30"]
[Round "7.1"]
[White "Xu,Minghui"]
[Black "Zhou Jianchao"]
[Result "0-1"]
[WhiteElo "2283"]
[BlackElo "2613"]

1.Nf3 b6 2.d4 Bb7 3.c4 e6 4.g3 Bb4+ 5.Bd2 Bxf3 6.exf3 Bxd2+ 7.Qxd2 d5 8.Nc3
Ne7 9.b3 O-O 10.Bh3 Nbc6 11.Rd1 Qd6 12.O-O Rfd8 13.Nb5 Qd7 14.Qf4 dxc4 15.bxc4
a6 16.d5 axb5 17.dxc6 Qxd1 18.Rxd1 Rxd1+ 19.Bf1 Rd6 20.cxb5 Rxa2 21.h4 h6
22.h5 Nf5 23.g4 Nd4 24.Qe3 Ra5 25.Qe4 Ra3 26.f4 Nf3+ {#R} 0-1

[Event "ch-CHN 2017"]
[Site "Xinghua CHN"]
[Date "2017.04.30"]
[Round "7.2"]
[White "Lu Shanglei"]
[Black "Xu,Yi"]
[Result "1-0"]
[WhiteElo "2620"]
[BlackElo "2454"]

1.e4 e5 2.Bc4 Nf6 3.d3 Nc6 4.Nf3 Bc5 5.O-O d6 6.c3 a6 7.Bb3 Ba7 8.Re1 h6
9.Nbd2 O-O 10.Nf1 Be6 11.Be3 Re8 12.Bxa7 Bxb3 13.Qxb3 Rxa7 14.Ng3 d5 15.exd5
Qxd5 16.Qxd5 Nxd5 17.d4 f6 18.Rad1 Nb6 19.dxe5 Nxe5 20.Nxe5 Rxe5 21.Rxe5 fxe5
22.b3 Kf7 23.Ne4 Ra8 24.Nc5 Rb8 25.f3 a5 26.a4 Na8 27.h4 b6 28.Rd7+ Kf6
29.Ne4+ Kg6 30.h5+ Kh7 31.g4 Kg8 32.Kf2 Re8 33.g5 hxg5 34.h6 {#r} 1-0